Vzory právnych podaní a zmlúv s komentárom aktualizácia č. 30

Bibliographic Details
Corporate Author: Slovensko (Author)
Format: Book
Language:Slovak
PhysicalDescription:26 voľ. listov 21 cm
Published: Žilina Systém ekonomických a právnych informácií [2003]
ISBN:808896105X
Edition:[1. vyd.]
Series:Praktik
Subjects:

MARC

LEADER 00000cam a2200000 a 4500
001 vtls001479816
003 SK-MaSNL
005 20260301053032.0
008 240226s2003 xo g 000 0 slo
015 |a SNBI2004/04-01731 
020 |a 808896105X 
035 |a SNK000435114 
035 |a urn:nbn:sk:snk-am3h5bv 
035 |a urn:nbn:sk:snk-am0081fl 
035 |a 358B34B2-BEF6-4F56-A5E6-C44BF56489C1 
040 |a SNK  |b slo  |c SNK  |e AACR2 
041 0 |a slo 
043 |a e-xo--- 
044 |a xo  |c SK 
080 |a 347.4  |2 1981 
080 |a 347.931  |2 1981 
080 |a (437.6)  |2 1981 
080 |a (094.5)  |2 1981 
080 |a (048.8)  |2 1981 
080 |a (0.072)  |2 1981 
110 1 |a Slovensko  |4 aut  |9 266955 
245 1 0 |a Vzory právnych podaní a zmlúv s komentárom  |b aktualizácia č. 30 
250 |a [1. vyd.] 
260 |a Žilina  |b Systém ekonomických a právnych informácií  |c [2003] 
300 |a 26 voľ. listov  |c 21 cm 
490 1 |a Praktik 
500 |a Voľné listy spojené páskou 
650 0 7 |a občianske právo  |2 SNKPH  |9 981 
650 0 7 |a správne právo  |2 SNKPH  |9 2266 
650 0 7 |a právne zmluvy  |2 SNKPH  |9 4612 
650 0 7 |a právne podania  |2 SNKPH  |9 67845 
655 7 |a právne predpisy  |2 SNKPH  |9 70481 
655 7 |a prehľady  |2 SNKPH  |9 70194 
830 0 |a Praktik  |9 295514 
852 |a Slovenská národná knižnica 
919 |a 80-88961-05-X 
999 |c 607261  |d 609191 
952 |t P60, <03>, [BOOK], {603}  |a SNK  |b SNK  |y PREZ  |7 0  |p 17A0439106  |o snkSC 89994/príl.30  |i snkKSP 10585/2004  |0 0  |1 0  |4 0  |d 2004-08-06  |f 1  |l 0  |r 2025-09-09 00:00:00  |w 2026-02-23 
952 |a SNK  |b SNK  |y PREZ  |7 0  |p 17A0439105  |o snkSC 89994/príl.30 D1  |i snkKSP 10586/2004  |0 0  |1 0  |4 0  |d 2004-08-06  |l 0  |r 2005-01-02 00:00:00  |w 2026-02-23